00894nam a22002297a 4500003000400000005001700004008004100021020001800062040000700080050001400087245010300101250001200204260003900216300002300255505024200278650003500520650003600555650001800591700001700609700001800626700002000644OSt20220308164831.0120620t xxu||||| |||| 00| 0 eng d a9780470655658 cLC aHN390.S78 aThe students companion to social policy. /cEdited by Pete Alcock, Margaret May, and Sharon Wright a4th ed. aNew York:bWiley-Blckwelll,c2012. axv, 476 p.:c24cm. aContent: Concepts and approaches -- Key perspectives -- Historical context -- Contemporary context -- Welfare production and provision -- Welfare governance -- Welfare services -- Services for particular groups -- International issues -  aGreat Britain -- Social policy aPublic welfare -- Great Britain aSocial policy aAlcock, Pete aMay, Margaret aWright, Sharon